[Event "Aragon-chT Honor Gr II"]
[Site "Aragon"]
[Date "2021.04.17"]
[Round "5.14"]
[White "Lacruz Algarate, Alvaro"]
[Black "Castillo Sanjuan, Daniel"]
[Result "1-0"]
[WhiteElo "2097"]
[BlackElo "1965"]
[PlyCount "89"]
[EventDate "2021.03.13"]
[EventType "team-tourn"]
[EventRounds "7"]
[EventCountry "ESP"]
[SourceTitle "EXT 2024"]
[Source "ChessBase"]
[SourceDate "2023.10.10"]
[SourceVersion "1"]
[SourceVersionDate "2023.10.10"]
[SourceQuality "1"]
[WhiteTeam "Agrupacion"]
[BlackTeam "Palacio de Pioneros II"]
[WhiteTeamCountry "ESP"]
[BlackTeamCountry "ESP"]

1. e4 e5 2. Nf3 Nc6 3. Bc4 Bc5 4. c3 Nf6 5. d4 exd4 6. cxd4 Bb4+ 7. Bd2 Bxd2+ 8. Nbxd2 d6 9. e5 dxe5 10. Nxe5 Nxe5 11. dxe5 Nd7 12. 0-0 0-0 13. e6 fxe6 14. Bxe6+ Kh8 15. Nf3 Nc5 16. Qxd8 Rxd8 17. Bc4 Be6 18. Bxe6 Nxe6 19. Rfe1 Nd4 20. Nxd4 Rxd4 21. Re7 Rc8 22. Rae1 Kg8 23. g3 Kf8 24. R1e2 h6 25. Kg2 b6 26. f4 a5 27. f5 Rd6 28. Kf3 c5 29. Rb7 Rf6 30. g4 g5 31. Ree7 c4 32. Ke4 a4 33. Rh7 Kg8 34. Rbg7+ Kf8 35. Ra7 Kg8 36. Rhb7 Rfc6 37. Rxa4 Rd6 38. Raa7 Re8+ 39. Re7 Red8 40. Rg7+ Kf8 41. Raf7+ Ke8 42. f6 R8d7 43. Rxd7 Rxd7 44. Rxd7 Kxd7 45. Kd5 1-0

[Event "Aragon-chT Honor Titulo"]
[Site "Aragon"]
[Date "2013.04.07"]
[Round "11.4"]
[White "Castillo Sanjuan, Daniel"]
[Black "Quintin Navarro, Alberto"]
[Result "0-1"]
[WhiteElo "2017"]
[BlackElo "2220"]
[PlyCount "100"]
[EventDate "2013.01.26"]
[EventType "team"]
[EventRounds "11"]
[EventCountry "ESP"]
[SourceTitle "EXT 2014"]
[Source "ChessBase"]
[SourceDate "2013.11.20"]
[SourceVersion "1"]
[SourceVersionDate "2013.11.20"]
[SourceQuality "1"]
[WhiteTeam "IberCaja"]
[BlackTeam "St Casablanca"]
[WhiteTeamCountry "ESP"]
[BlackTeamCountry "ESP"]

1. e4 c5 2. Nf3 d6 3. d4 Nf6 4. Nc3 cxd4 5. Nxd4 a6 6. a4 e5 7. Nb3 Be6 8. Bg5 Nbd7 9. Be2 Be7 10. 0-0 Rc8 11. f3 0-0 12. Kh1 Nb6 13. a5 Nc4 14. Bxc4 Bxc4 15. Bxf6 Bxf6 16. Rf2 Bg5 17. Nd5 Re8 18. g3 h5 19. h4 Bh6 20. Nb6 Bxb3 21. cxb3 Be3 22. Nxc8 Bxf2 23. Nxd6 Bxg3 24. Nf5 Bxh4 25. Qxd8 Bxd8 26. b4 Be7 27. Rd1 g6 28. Nxe7+ Rxe7 29. Kg2 Rc7 30. b3 Kg7 31. Kg3 g5 32. Rd5 f6 33. b5 axb5 34. Rxb5 Kg6 35. Rb6 h4+ 36. Kg4 Rf7 37. b4 Rh7 38. Kh3 Rf7 39. Kg4 Rh7 40. Kh3 Rd7 41. b5 Rd3 42. Rxb7 Rxf3+ 43. Kg2 Ra3 44. a6 g4 45. Rb8 Ra2+ 46. Kg1 Ra1+ 47. Kh2 g3+ 48. Kh3 Kg5 49. Rf8 Ra2 50. Rg8+ Kf4 0-1

[Event "Aragon-chT Honor GrB "]
[Site "Aragon"]
[Date "2012.03.03"]
[Round "5.28"]
[White "Castillo Sanjuan, Daniel"]
[Black "Santos Hernandez, Higinio"]
[Result "1-0"]
[WhiteElo "2019"]
[BlackElo "1616"]
[PlyCount "45"]
[EventDate "2012.02.04"]
[EventType "team-tourn"]
[EventRounds "7"]
[EventCountry "ESP"]
[SourceTitle "EXT 2014"]
[Source "ChessBase"]
[SourceDate "2013.11.20"]
[SourceVersion "1"]
[SourceVersionDate "2013.11.20"]
[SourceQuality "1"]
[WhiteTeam "IberCaja"]
[BlackTeam "Shatranj"]
[WhiteTeamCountry "ESP"]
[BlackTeamCountry "ESP"]

1. e4 c5 2. Nf3 d6 3. d4 cxd4 4. Nxd4 Nf6 5. Nc3 a6 6. a4 e6 7. Be2 Be7 8. 0-0 0-0 9. Be3 Qc7 10. Nb3 b6 11. a5 bxa5 12. Nxa5 Bb7 13. Nxb7 Qxb7 14. Qd2 Nc6 15. Rfd1 a5 16. f4 Rfd8 17. Bf3 Rd7 18. Na4 Bd8 19. g4 Bc7 20. g5 Ne8 21. e5 Ra6 22. Nc5 Qb4 23. Nxa6 1-0

[Event "Zaragoza Casablanca op 5th"]
[Site "Zaragoza"]
[Date "2011.12.29"]
[Round "7"]
[White "Castillo Sanjuan, Daniel"]
[Black "Hernandez Estevez, Yudania"]
[Result "0-1"]
[WhiteElo "2047"]
[BlackElo "2284"]
[PlyCount "90"]
[EventDate "2011.12.23"]
[EventType "swiss"]
[EventRounds "9"]
[EventCountry "ESP"]
[SourceTitle "CBM 146 Extra"]
[Source "ChessBase"]
[SourceDate "2012.02.29"]
[SourceVersion "1"]
[SourceVersionDate "2012.02.29"]
[SourceQuality "1"]

1. e4 e5 2. Nf3 Nc6 3. d4 exd4 4. Nxd4 g6 5. Be3 Bg7 6. c3 Nf6 7. Nd2 0-0 8. Be2 Re8 9. Qc2 d5 10. 0-0-0 Qe7 11. Nxc6 bxc6 12. Bg5 Qe6 13. Rhe1 Nxe4 14. Bd3 Qg4 15. h4 Nd6 16. g3 Bf5 17. Bf4 Bxd3 18. Qxd3 Qd7 19. Nb3 a5 20. Nc5 Qc8 21. h5 a4 22. hxg6 fxg6 23. a3 Ra5 24. Bxd6 cxd6 25. Rxe8+ Qxe8 26. Nb7 Ra8 27. Nxd6 Qf8 28. Nc4 dxc4 29. Qxc4+ Kh8 30. Qxc6 Rb8 31. f4 Qe7 32. Qf3 Qe6 33. Rd5 Qb6 34. Rd2 Qg1+ 35. Rd1 Qb6 36. Qe2 Bxc3 37. Rd3 Bxb2+ 38. Kd1 Rc8 39. Qg2 Bxa3 40. Qd5 Bb2 41. Qd7 Qc6 42. Qxc6 Rxc6 43. Rd8+ Kg7 44. Ra8 a3 45. Kd2 h5 0-1

[Event "Zaragoza Casablanca op 5th"]
[Site "Zaragoza"]
[Date "2011.12.27"]
[Round "5"]
[White "Castillo Sanjuan, Daniel"]
[Black "Lopez Gracia, Fernando"]
[Result "0-1"]
[WhiteElo "2047"]
[BlackElo "2336"]
[PlyCount "74"]
[EventDate "2011.12.23"]
[EventType "swiss"]
[EventRounds "9"]
[EventCountry "ESP"]
[SourceTitle "CBM 146 Extra"]
[Source "ChessBase"]
[SourceDate "2012.02.29"]
[SourceVersion "1"]
[SourceVersionDate "2012.02.29"]
[SourceQuality "1"]

1. e4 c5 2. Nf3 e6 3. d4 cxd4 4. Nxd4 Nc6 5. Nc3 a6 6. a3 Qc7 7. f4 Nxd4 8. Qxd4 b5 9. Be3 Bb7 10. Be2 Nf6 11. Bf3 d6 12. g4 h6 13. 0-0 Be7 14. Rad1 0-0 15. h4 d5 16. exd5 Nxd5 17. Nxd5 Bxd5 18. Bxd5 exd5 19. Qxd5 Qxc2 20. Rd2 Qg6 21. g5 Rad8 22. Qf3 Rxd2 23. Bxd2 Rd8 24. f5 Qb6+ 25. Be3 Bc5 26. Bxc5 Qxc5+ 27. Rf2 hxg5 28. hxg5 Qc1+ 29. Kh2 Qxg5 30. f6 Rd4 31. Rg2 Qh4+ 32. Qh3 Qxf6 33. Qc8+ Kh7 34. Qc2+ g6 35. Kg1 Kg7 36. Qe2 Rc4 37. Qd3 Qd4+ 0-1

[Event "Aragon-chT Honor Titulo"]
[Site "Spain"]
[Date "2011.04.02"]
[Round "9.4"]
[White "Matamoros Villarreal, Antonio"]
[Black "Castillo Sanjuan, Daniel"]
[Result "0-1"]
[WhiteElo "2021"]
[BlackElo "1944"]
[PlyCount "70"]
[EventDate "2011.03.26"]
[EventType "team-tourn"]
[EventRounds "11"]
[EventCountry "ESP"]
[SourceTitle "EXT 2013"]
[Source "ChessBase"]
[SourceDate "2012.11.22"]
[SourceVersion "1"]
[SourceVersionDate "2012.11.22"]
[SourceQuality "1"]
[WhiteTeam "Shatranj"]
[BlackTeam "IberCaja"]
[WhiteTeamCountry "ESP"]
[BlackTeamCountry "ESP"]

1. e4 e5 2. Nf3 Nc6 3. Bb5 a6 4. Bxc6 dxc6 5. Nc3 f6 6. d4 exd4 7. Qxd4 Bg4 8. Qxd8+ Rxd8 9. Nd2 Ne7 10. f3 Be6 11. Nf1 Ng6 12. Bd2 Bc5 13. 0-0-0 0-0 14. Ng3 Nh4 15. Nge2 g5 16. e5 fxe5 17. Ne4 Bb6 18. Nxg5 Bc4 19. Ng3 Nxg2 20. b3 Bd5 21. c4 Bxf3 22. Nxf3 Rxf3 23. b4 Ne3 24. c5 Nxd1 25. Rxd1 Ba7 26. Ne4 a5 27. Rg1+ Kf8 28. Ng5 Rxd2 29. Kxd2 Rf2+ 30. Kd3 axb4 31. Ke4 Rc2 32. Rf1+ Ke8 33. Rf7 h6 34. Rxc7 hxg5 35. Kxe5 Bb8 0-1

[Event "Aragon-chT Honor I"]
[Site "Spain"]
[Date "2011.02.12"]
[Round "2.16"]
[White "Martin Barbero, Roberto"]
[Black "Castillo Sanjuan, Daniel"]
[Result "0-1"]
[WhiteElo "2020"]
[BlackElo "1944"]
[PlyCount "72"]
[EventDate "2011.02.05"]
[EventType "team-tourn"]
[EventRounds "7"]
[EventCountry "ESP"]
[SourceTitle "EXT 2013"]
[Source "ChessBase"]
[SourceDate "2012.11.22"]
[SourceVersion "1"]
[SourceVersionDate "2012.11.22"]
[SourceQuality "1"]
[WhiteTeam "Ramiro"]
[BlackTeam "IberCaja"]
[WhiteTeamCountry "ESP"]
[BlackTeamCountry "ESP"]

1. d4 Nf6 2. Nf3 g6 3. Nbd2 Bg7 4. e4 d6 5. Bd3 0-0 6. 0-0 c5 7. c3 Nc6 8. h3 a6 9. a4 Rb8 10. Re1 b5 11. axb5 axb5 12. Nf1 Nd7 13. Be3 c4 14. Bc2 Qc7 15. N1h2 b4 16. Ba4 b3 17. Bxc6 Qxc6 18. d5 Qc7 19. Ng4 Nc5 20. Bxc5 Qxc5 21. Ne3 Bd7 22. Qe2 Bb5 23. Red1 Ra8 24. Qd2 Rfc8 25. Nd4 h5 26. Nxb5 Qxb5 27. g4 hxg4 28. hxg4 Ra2 29. Rf1 Bh6 30. f4 Bxf4 31. Qf2 Bxe3 32. Qxe3 Rxb2 33. Qg5 Qc5+ 34. Kh1 Kg7 35. Rxf7+ Kxf7 36. Qf4+ Kg7 0-1

[Event "ESP-ch U16"]
[Site "Padron"]
[Date "2008.07.21"]
[Round "3"]
[White "Martin Fuentes, Alberto"]
[Black "Castillo Sanjuan, Daniel"]
[Result "1-0"]
[WhiteElo "2124"]
[BlackElo "1911"]
[PlyCount "59"]
[EventDate "2008.07.20"]
[EventType "swiss"]
[EventRounds "9"]
[EventCountry "ESP"]
[SourceTitle "EXT 2010"]
[Source "ChessBase"]
[SourceDate "2010.11.25"]
[SourceVersion "1"]
[SourceVersionDate "2010.11.25"]
[SourceQuality "1"]

1. e4 e5 2. Nf3 Nc6 3. d4 exd4 4. Bc4 Nf6 5. 0-0 Nxe4 6. Re1 d5 7. Bxd5 Qxd5 8. Nc3 Qh5 9. Nxe4 Be7 10. Bg5 Bg4 11. Bxe7 Nxe7 12. Qe2 0-0-0 13. Ng3 Bxf3 14. gxf3 Qg6 15. Qxe7 h5 16. Qe4 Qb6 17. h4 g6 18. b3 Qf6 19. Rad1 Rhe8 20. Qxe8 Rxe8 21. Rxe8+ Kd7 22. Re4 c5 23. Kg2 g5 24. hxg5 Qxg5 25. Rh1 Qd2 26. Re2 Qb4 27. Rxh5 Qa3 28. Rf5 b5 29. Rxf7+ Kc6 30. Rf6+ 1-0

[Event "ESP-ch U14"]
[Site "Padron"]
[Date "2008.07.17"]
[Round "8"]
[White "Castillo Sanjuan, Daniel"]
[Black "Navarro Molina, David"]
[Result "0-1"]
[WhiteElo "1911"]
[BlackElo "1723"]
[PlyCount "110"]
[EventDate "2008.07.13"]
[EventType "swiss"]
[EventRounds "9"]
[EventCountry "ESP"]
[SourceTitle "CBM 125 Extra"]
[Source "ChessBase"]
[SourceDate "2008.09.01"]
[SourceVersion "1"]
[SourceVersionDate "2008.09.01"]
[SourceQuality "1"]

1. e4 c5 2. Nf3 e6 3. d4 cxd4 4. Nxd4 Nc6 5. Nc3 Qc7 6. Be3 a6 7. Be2 b5 8. a3 Bb7 9. 0-0 Nf6 10. f3 Bc5 11. Kh1 Qb6 12. Nxc6 Bxe3 13. Ne5 Bd4 14. Nd3 Bxc3 15. bxc3 Rc8 16. Qd2 Qc7 17. e5 Nd5 18. Qg5 0-0 19. Nf2 f6 20. exf6 Rxf6 21. Bd3 Qf4 22. Nh3 Qxg5 23. Nxg5 Rh6 24. Ne4 Nxc3 25. Nd6 Rc7 26. Nxb7 Rxb7 27. Rfe1 Rh5 28. g4 Rc5 29. f4 Rb8 30. f5 e5 31. g5 Re8 32. Re3 e4 33. Rf1 Rce5 34. Be2 Nxe2 35. Rxe2 d5 36. Kg2 Rf8 37. h4 Rfxf5 38. Rd1 Kf7 39. Re3 Ke6 40. Rd4 Rf7 41. a4 Rc7 42. c3 Rc4 43. axb5 axb5 44. Rd1 b4 45. cxb4 Rxb4 46. Kf2 d4 47. Re2 d3 48. Re3 Rb2+ 49. Kg3 Kd5 50. Kf4 Kd4 51. Rg3 Rf2+ 52. Kg4 e3 53. h5 d2 54. g6 h6 55. Kh4 Rh2+ 0-1

[Event "ESP-ch U14"]
[Site "Padron"]
[Date "2008.07.13"]
[Round "2"]
[White "Castillo Sanjuan, Daniel"]
[Black "Balague Camps, Marc"]
[Result "0-1"]
[WhiteElo "1911"]
[BlackElo "1685"]
[PlyCount "80"]
[EventDate "2008.07.13"]
[EventType "swiss"]
[EventRounds "9"]
[EventCountry "ESP"]
[SourceTitle "CBM 125 Extra"]
[Source "ChessBase"]
[SourceDate "2008.09.01"]
[SourceVersion "1"]
[SourceVersionDate "2008.09.01"]
[SourceQuality "1"]

1. e4 d5 2. exd5 Qxd5 3. Nc3 Qd6 4. Nf3 Bg4 5. Be2 Nc6 6. h3 Bxf3 7. Bxf3 Qe6+ 8. Qe2 Qxe2+ 9. Nxe2 Nb4 10. Nd4 0-0-0 11. a3 Nd3+ 12. cxd3 Rxd4 13. Ke2 Nf6 14. b4 Rd6 15. Bb2 e6 16. Rac1 Rg8 17. Be5 Rd7 18. Rc4 Bd6 19. Bxd6 Rxd6 20. Rhc1 Rd7 21. a4 h5 22. a5 a6 23. b5 axb5 24. a6 bxa6 25. Rc6 Nd5 26. Rxa6 Kb7 27. Rca1 Rb8 28. g3 Rd6 29. Ra7+ Kc8 30. Rc1 Rd7 31. Bxh5 b4 32. Rb1 g6 33. Bf3 c5 34. Ra5 Rc7 35. Bxd5 exd5 36. d4 cxd4 37. Rxd5 b3 38. Rxd4 b2 39. Kd3 Rb3+ 40. Ke2 Rc1 0-1